Nordic risk

Detalles Bibliográficos
Formato: Electrónico Revista
Lenguaje:inglés
Publicado: London : Incisive Media Plc
Materias:
Acceso en línea:Full text available from Research Library: 07/01/2009 to 07/31/2010

MARC

LEADER 00000nas a2200000 i 4500
001 ssj0001076694
003 WaSeSS
005 20200512172242.0
006 m d
007 cr n
008 131223u20uuuuuuenka| p|s|||||| |0eng d
035 |a (WaSeSS)ssj0001076694 
040 |a WaSeSS  |b eng  |c WaSeSS  |d WaSeSS 
043 |a ev----- 
050 1 4 |a HG4961 
245 0 0 |a Nordic risk  |h [electronic resource]. 
260 |a London :  |b Incisive Media Plc 
310 |a Annual 
506 |a License restrictions may limit access. 
588 |a Description based on: Summer 2009; title from title screen (ProQuest, viewed Dec. 21, 2013). 
588 |a Latest issue consulted: Summer 2010 (viewed Dec. 21, 2013). 
650 0 |a Venture capital  |z Scandinavia  |v Periodicals. 
650 0 |a Securities  |z Scandinavia  |v Periodicals. 
650 0 |a Risk management  |z Scandinavia  |v Periodicals. 
655 0 |a Electronic journals. 
856 4 0 |z Full text available from Research Library: 07/01/2009 to 07/31/2010  |u https://search.proquest.com/publication/54885